=LDR 00000nam 2200000 4500 =001 INLIS000000000057609 =990 ##$$a 76255/pro -94 =005 20210322074009 =035 ##$$a 0010-0321000040 =245 1#$$a sistem akuntansi /$c narko =100 #$$a narko =300 ##$$a 207 =260 ##$$a yogyakarta :$b sawitsari,$c 1994 =082 ##$$a 657 =084 ##$$a 657 NAR s =020 ##$$a 979-8628-20-9